000 00945nam a2200277 i 4500
001 186458
003 SpMaBN
005 20260525062937.0
008 161115s1967 sp |||| | spa d
080 _a595.732
080 _a113/119
080 _a821.133.1(493)-96"19"
100 1 _aMaeterlinck, Maurice.
_975418
245 1 3 _aLa vida de los termes
_b: (comejenes u hormigas blancas) /
_cMauricio Maeterlinck ; [traducción del francés por Teodosio Leal y Quiroga].
250 _a4ª ed.
260 _aMadrid :
_bEspasa-Calpe,
_c1967.
300 _a147 p. ;
_c18 cm.
490 1 _aColección austral ;
_v385
504 _aBibliografía: p. [145]-147.
650 7 _aTermitas.
_9146660
650 7 _aFilosofía de la naturaleza
_2embne
_912839
700 1 _aLeal Quiroga, Teodosio.
_970980
830 0 _aColección austral
_v385
_9177655
852 _aES-MaACL
_jL-30811
_z. - Donat. Miguel A. Velasco
999 _c186458
_d186458